000 00496nam a2200169Ia 4500
999 _c7620
_d7620
003 OSt
005 20200128095330.0
008 190216s9999||||xx |||||||||||||| ||und||
020 _a9788127238988
040 _coclc
082 _a658.3
_bGUP/O
100 _a Gupta, Shashi K
_91007
245 0 _aOrganisational Behaviour /
_cShashi K Gupta ; Rosy Joshi
260 _bKalyani Publishers,
_c2008.
_aLudhiana:
300 _a796p
942 _cBK
_2ddc
_h658.3
_iGUP/O
_k658.3
_mGUP/O